01731nam a2200361 a 4500001001200000003000800012006001900020007001500039008004100054010001700095020002500112020001800137020002500155020002500180020002700205020004300232040002100275035002100296050002400317082001400341245012300355260004800478300005600526504005100582505035100633533015200984650001701136655002901153700002101182700002301203710001701226856012601243ebr10483299CaPaEBRm u cr cn|||||||||101213s2011 enkadf sb 001 0 eng d z 2010052329 z9781444341744 (ePDF) z9781444341775 z9781444341751 (ePub) z9781444341768 (Mobi) z9781444341744 (e-book) z9781405176644 (hardcover : alk. paper) aCaPaEBRcCaPaEBR a(OCoLC)75197037914aSH135b.R428 2011eb04a639.822200aRecent advances and new species in aquacultureh[electronic resource] /cedited by Ravi K. Fotedar, Bruce F. Phillips. aChichester, U.K. :bWiley-Blackwell,c2011. axiii, 397 p., [14] p. of plates :bill. (some col.) aIncludes bibliographical references and index.0 aA global review of spiny lobster aquaculture -- Slipper lobsters -- Mud crab aquaculture -- Penaeid prawns -- Cobia culture -- Barramundi aquaculture -- Abalone culture -- Seaweed aquaculture, utilisation, and a review of cultivation in Latin America -- Marine ornamental fish culture -- Tilapia -- Carp polyculture in India -- Future directions. aElectronic reproduction.bPalo Alto, Calif. :cebrary,d2011.nAvailable via World Wide Web.nAccess may be limited to ebrary affiliated libraries. 0aAquaculture. 7aElectronic books.2local1 aFotedar, Ravi K.1 aPhillips, Bruce F.2 aebrary, Inc.40uhttp://site.ebrary.com/lib/rucke/Doc?id=10483299zAn electronic book accessible through the World Wide Web; click to view